Antes do filme começar : (Record no. 507)
[ view plain ]
| 000 -LÍDER | |
|---|---|
| campo de controle de tamanho fixo | 01234nam a22002894a 4500 |
| 001 - NÚMERO DE CONTROLE | |
| campo de controle | 507 |
| 003 - IDENTIFICADOR DO NÚMERO DE CONTROLE | |
| campo de controle | BR-RjBN |
| 005 - DATA E HORÁRIO DA ÚLTIMA TRANSAÇÃO | |
| campo de controle | 20260520082638.0 |
| 008 - CAMPO DE DADOS FIXOS--INFORMAÇÃO GERAL | |
| campo de controle de tamanho fixo | 140101s2014 mg 000 f por d |
| 020 ## - ISBN - INTERNATIONAL STANDARD BOOK NUMBER | |
| ISBN - International Standard Book Number | 9788582861097 |
| 040 ## - FONTE DA CATALOGAÇÃO | |
| Idioma da catalogação | por |
| 041 1# - CÓDIGO DE IDIOMA | |
| Código do idioma do texto/trilha sonora ou título diferente | por |
| 082 ## - CDD - CLASSIFICAÇÃO DECIMAL DE DEWEY | |
| Número de Classificação | 869.93 |
| Número do exemplar | P644a |
| 100 1# - ENTRADA PRINCIPAL--NOME PESSOAL | |
| Nome pessoal | Pimenta, Paula. |
| 245 10 - TÍTULO | |
| Título | Antes do filme começar : |
| Restante do título | fazendo meu filme em quadrinhos #1 / |
| Indicação de responsabilidade, etc. | Paula Pimenta, Valdo Alves. |
| 260 ## - PUBLICAÇÃO, DISTRIBUIÇÃO, ETC. | |
| Local de publicação, distribuição, etc. | Belo Horizonte : |
| Nome do editor, distribuidor, etc. | Nemo, |
| Data da publicação, distribuição, etc. | 2014. |
| 300 ## - DESCRIÇÃO FÍSICA | |
| Extensão | 80 p. : |
| Outros detalhes físicos | il. ; |
| 520 ## - NOTA DE RESUMO, ETC. | |
| Resumo, etc. | Em versão em quadrinhos, os personagens da série Fazendo Meu Filme retornam para apresentar momentos marcantes da amizade entre Fani e Leo. Neste primeiro volume, os leitores acompanham o início da relação entre os personagens e os desafios enfrentados por Fani para organizar um aniversário inesquecível para o amigo. A obra mistura humor, amizade e situações típicas da adolescência em uma narrativa leve e divertida. |
| 650 #0 - ASSUNTO--TERMO TÓPICO | |
| Cabeçalho tópico ou nome geográfico | Literatura brasileira. |
| 9 (RLIN) | 205 |
| 650 #0 - ASSUNTO--TERMO TÓPICO | |
| Cabeçalho tópico ou nome geográfico | Histórias em quadrinhos. |
| 650 #0 - ASSUNTO--TERMO TÓPICO | |
| Cabeçalho tópico ou nome geográfico | Adolescência. |
| 9 (RLIN) | 1093 |
| 650 #0 - ASSUNTO--TERMO TÓPICO | |
| Cabeçalho tópico ou nome geográfico | Amizade. |
| 9 (RLIN) | 556 |
| 655 #0 - TERMO DE ÍNDICE--GÊNERO E FORMA | |
| Gênero/forma/ou termo foco | Quadrinhos. |
| 655 #0 - TERMO DE ÍNDICE--GÊNERO E FORMA | |
| Gênero/forma/ou termo foco | Ficção. |
| 700 1# - ENTRADA ADICIONADA - NOME PESSOAL | |
| Nome pessoal | Alves, Valdo. |
| 942 ## - ELEMENTOS DE ENTRADA ADICIONADOS (KOHA) | |
| Fonte de classificação ou esquema de arquivamento | Classificação decimal de Dewey |
| Ocultar no OPAC | Não |
| Tipo de material Koha | Livros |
| Situação do descarte | Situação das perdas | Fonte de classificação ou esquema de arquivamento | Status danificado | Não pode ser emprestado | Coleção | Biblioteca de origem | Biblioteca atual | Localização na estante | Data de aquisição | Fonte de aquisição | Total de empréstimos | Código de barras | Data de último acesso | Número do exemplar | Data do preço efetivo | Tipo de material Koha |
|---|---|---|---|---|---|---|---|---|---|---|---|---|---|---|---|---|
| Classificação decimal de Dewey | Ficção | Biblioteca Professor Eduardo Afonso de Castro | Biblioteca Professor Eduardo Afonso de Castro | Infanto Juvenil | 12.05.2026 | doação | 2026-17442 | 12.05.2026 | 9788582861097 | 12.05.2026 | Livros |